| 000 | 00698nam a2200217 a 4500 | ||
|---|---|---|---|
| 001 | BRCA_4098 | ||
| 005 | 20190320204539.0 | ||
| 008 | 040811s2003 mx-######b---#000-0#spa-d | ||
| 020 | _a9702703751 | ||
| 041 | _aspa | ||
| 044 | _amx | ||
| 050 | 4 |
_aNK844 _b.R36 2003 |
|
| 100 | 1 |
_aRamírez Godoy, Guillermo _910616 |
|
| 245 | 1 | 0 |
_aRamas de identidad _bhistoria y conceptos de la cultura y el arte popular _cGuillermo Ramírez Godoy. |
| 260 |
_aMéxico _bUniversidad de Guadalajara : Promoción Cultural de Jalisco _c2003 |
||
| 300 |
_a246 p. _c22 cm. |
||
| 504 | _aBibliografía: p. 239-246 | ||
| 650 | 1 | 4 |
_aArte popular _zMéxico _9882 |
| 650 | 1 | 4 |
_aCultura popular _zMéxico _96281 |
| 942 |
_2lcc _cB |
||
| 999 |
_c3819 _d3819 |
||